[Event "IECC CL6-2000.31"]
[Site "IECC email"]
[Date "2000.09.29"]
[Round "?"]
[White "Honovic, Ognjen"]
[Black "Ribeiro, Rogerio"]
[Result "0-1"]
[WhiteElo "1305"]
[BlackElo "1253"]
[PlyCount "58"]
[EventDate "2000.??.??"]
[EventType "tourn (corr)"]
[EventRounds "4"]
[SourceTitle "Corr 2008"]
[Source "ChessBase"]
[SourceDate "2008.06.24"]
[SourceVersion "1"]
[SourceVersionDate "2008.06.24"]
[SourceQuality "1"]

1. d4 Nf6 2. e3 d5 3. Nf3 e6 4. Bd3 c5 5. dxc5 Bxc5 6. Nd4 0-0 7. 0-0 e5 8. Nb3 Be7 9. c4 e4 10. Be2 dxc4 11. Bxc4 Qc7 12. N1d2 Bd6 13. g3 Bh3 14. Re1 Nc6 15. Nd4 Rad8 16. Nb5 Qc8 17. Qa4 a6 18. Nxd6 Rxd6 19. Be2 Qf5 20. Nc4 Rdd8 21. Qc2 Nb4 22. Qa4 Nd3 23. Bxd3 Ng4 24. Rf1 Rxd3 25. f3 Bxf1 26. Bd2 exf3 27. Rxf1 f2+ 28. Kg2 Qe4+ 29. Kh3 Rd5 0-1